Statistics for All Brawlers in Brawl Stars Season 11

Click here to take the quiz!

General Stats

  • This quiz has been taken 9 times
  • The average score is 48 of 55

Answer Stats

RarityBrawler name% Correct
Trophy Road8-Bit
100%
RareBarley
100%
Trophy RoadBrock
100%
Trophy RoadBull
100%
Super RareCarl
100%
Trophy RoadColt
100%
Trophy RoadDynamike
100%
RareEl Primo
100%
Trophy RoadEmz
100%
EpicFrank
100%
EpicGriff
100%
Super RareJacky
100%
Trophy RoadJessie
100%
Trophy RoadNita
100%
EpicPam
100%
Super RarePenny
100%
EpicPiper
100%
RarePoco
100%
Super RareRico
100%
RareRosa
100%
Starting BrawlerShelly
100%
Trophy RoadStu
100%
Trophy RoadTick
100%
LegendaryAmber
88%
Chromatic Season 6Belle
88%
Trophy RoadBo
88%
LegendaryCrow
88%
Super RareDarryl
88%
Chromatic Season 11Eve
88%
Chromatic Season 10Fang
88%
Chromatic Season 1Gale
88%
EpicGrom
88%
LegendaryLeon
88%
MythicMortis
88%
LegendarySpike
88%
Chromatic Season 2Surge
88%
MythicTara
88%
Chromatic Season 8Ash
75%
EpicBea
75%
Chromatic Season 7Buzz
75%
Chromatic Season 3Colette
75%
EpicEdgar
75%
MythicGene
75%
Chromatic Season 9Lola
75%
MythicMax
75%
LegendaryMeg
75%
MythicMr. P
75%
LegendarySandy
75%
MythicSprout
75%
EpicBibi
63%
MythicByron
63%
Chromatic Season 5Colonel Ruffs
63%
Chromatic Season 4Lou
63%
EpicNani
63%
MythicSqueak
63%

Score Distribution

Percentile by Number Answered

Percent of People with Each Score

Your Score History

You have not taken this quiz